000 00308nam a2200133Ia 4500
005 20260326235444.0
008 260326s9999||||xx |||||||||||||| ||und||
100 _aSheine, Judith
245 0 _aR.M. Schindler /
_cJudith Sheine
260 _bPhaidon
300 _a303 p.
650 _aARQUITECTOS
942 _cBK
999 _c7513
_d7513